000
00297nam a22001337a 4500
008
181024b xxu||||| |||| 00| 0 eng d
020
_a
2740360172136
041
_a
eng
080
_2
9th
_a
336
100
_a
56
101
_a
FIN
245
_a
Foundations of Finance
_c
Keown,A.J
942
_2
udc
_c
BK
999
_c
50809
_d
50809